Statistics for Dota 2 Top esports teams 2021

Click here to take the quiz!

General Stats

  • This quiz has been taken 81 times
  • The average score is 13 of 25

Answer Stats

RankNationTeamDPC REGION% Correct
1ChinaPSG.LGDChina
92%
15EuropeOGWestern Europe
88%
18UkraineNatus VincereEastern Europe
83%
4EuropeTeam SecretWestern Europe
79%
3CISVirtus.proEastern Europe
79%
10United StatesEvil GeniusesNorth America
77%
12EuropeTeam LiquidWestern Europe
73%
2ChinaVici GamingChina
69%
24CISTeam SpiritEastern Europe
68%
9SwedenAllianceWestern Europe
67%
5ChinaInvictus GamingChina
57%
21EuropeTeam NigmaWestern Europe
57%
16PhilippinesTNC PredatorSouth East Asia
57%
23PerubeastcoastSouth America
55%
6ChinaTeam AsterChina
44%
8United StatesQuincy CrewNorth America
41%
11ChinaEHOMEChina
40%
7PeruThunder PredatorSouth America
40%
13ChinaElephantChina
31%
20United StatesUndyingNorth America
28%
25United States4 ZoomersNorth America
15%
19ChinaCDEC GamingChina
13%
17PhilippinesOB Esports x NeonSouth East Asia
8%
14EuropeVikin.ggWestern Europe
8%
22ThailandMotivate. Trust GamingSouth East Asia
7%

Score Distribution

Percentile by Number Answered

Percent of People with Each Score

Your Score History

You have not taken this quiz